| 000 | 00438nam a22001337a 4500 | ||
|---|---|---|---|
| 008 | 160123b xxu||||| |||| 00| 0 eng d | ||
| 020 | _a9780078908040 | ||
| 082 |
_2[2008] _aDK12 540 _bC517 |
||
| 245 |
_aChemistry : _bconcepts and applications : chapter review and assessment. |
||
| 260 |
_aColumbus, OH : _bGlencoe/McGraw Hill, _c[c 2008]. |
||
| 300 |
_aiv, 193 pages : _billustration ; _c28 cm. |
||
| 650 | 0 |
_91921 _aChemistry |
|
| 942 |
_2ddc _cDC |
||
| 999 |
_c730 _d730 |
||